Zaměřenost osobnosti - pojetí a výzkum /

Hlavní autor: Hudeček, Jaroslav
Další autoři: Osecká, Lída, 1945-1999
Jazyk: Čeština
Vydáno: Brno : Ústav pro výzkum společenského vědomí Československé akademie věd, 1984
Edice: Psychologické zprávy
Témata:
Fyzický popis: 39 s.
Knihy
Uloženo v:
LEADER 00924nam a22002412a 4500
001 000046300
003 CZ BrMZK
005 20011107104856.0
008 951201s1984 xr f cze d
040 |a BOA001  |b cze 
100 1 |a Hudeček, Jaroslav  |7 jk01043208  |4 aut 
245 1 0 |a Zaměřenost osobnosti - pojetí a výzkum /  |c Jaroslav Hudeček, Liduška Osecká 
260 |a Brno :  |b Ústav pro výzkum společenského vědomí Československé akademie věd,  |c 1984 
300 |a 39 s. 
490 1 |a Psychologické zprávy ;  |v č. 3. 1984 
500 |a Rozmnoženo 
700 1 |a Osecká, Lída,  |d 1945-1999  |7 jn20001005504  |4 aut 
830 0 |a Psychologické zprávy 
910 |a BOA001  |b PK-N-0024.444 
964 |a Mládež dospívající - výzkumy - zprávy 
964 |a Osobnost - zaměřenost - pojednání 
990 |a BK 
996 7 |b 3119983298  |c PK-N-0024.444  |l MZK  |r Sklad / do 1 hodiny  |n 9  |w 000046300  |u 000010  |a 1  |e BOA001  |j MZK50  |s A